Loading...

Womenn'S Development And Social Conflicts

Bibliographic Details
Main Author: Nayak,Utpala
Format: Printed Book
Language:Undetermined
Published: New Delhi: Kanishka Publishers, 1999
Subjects:
LEADER 00539nam a2200157Ia 4500
008 200110s9999||||xx |||||||||||||| ||und||
080 |a 305.4  |b NAY-W 
100 |a Nayak,Utpala  
245 0 |a Womenn'S Development And Social Conflicts 
260 |a New Delhi:  |b Kanishka Publishers,   |c 1999 
300 |a 327 p.  |f HB 
500 |a Text Book 
650 |a Womenn'S Development And Social Conflicts  
942 |c BK 
999 |c 257602  |d 257602 
952 |0 0  |1 0  |4 0  |6 305_400000000000000_NAYW  |7 0  |9 273526  |a SOC  |b SOC  |l 0  |o 305.4 NAY-W  |p SOC7160  |r 2020-01-14  |w 2020-01-14  |y BK